Responses for Show #4326 - Monday, May 26, 2003

Contestants

[<< previous game]

Bronson Messer, an astrophysicist from Knoxville, Tennessee

James See, a student and editor from Turlock, California

Danny Jobe, a cable television system manager from Forest, Virginia (whose 1-day cash winnings total $6,399)

[next game >>]

Jeopardy! Round responses

CRIMINOLOGY
NATO IS NEATO
THE CANINE FILM FESTIVAL
BROTHERS IN BUSINESS
CREATURES OF LORE
(Alex: We'll want you to provide us with something that...)
COMPLETES THE PROVERB
    $200 21
3

James
    $200 1
(Bronson: What is Warsaw?)

Berlin

JamesBronson
    $200 6
Dog Day Afternoon

Danny
    $200 11
Warner Bros.

Danny
    $200 16
looks

James
    $200 26
poison

Danny
    $400 22
front & profile

James
    $400 2
Dwight D. Eisenhower

Danny
    $400 7
Best in Show

Danny
    $400 12
(Danny: Who are the Halls brothers?)
(James: What is Johnson & Johnson?)

Smith Brothers

DannyJames
Triple Stumper
    $400 17
Hindu

Bronson
    $400 27
divine

Danny
    $600 23
motive

James
    $600 3
(Danny: What is Japan?)

Iceland

DannyJames
    $600 8
Lady and the Tramp

Danny
    $600 13
Gallo

Bronson
    $600 18
mermaids

Danny
    $600 28
(Bronson: What is disgrace?)

shame

JamesBronson
    $800 24
deterrence

Danny
    $800 4
Secretary-General

James
    $800 9
Reservoir Dogs

Bronson
    $800 14
Davidson

Bronson
    $800 19
Cerberus

James
    $800 29
no tales

Bronson
    $1000 25
Windows

Danny
    $1000 5
Estonia, Latvia & Lithuania

Danny
    $1000 10
(Bronson: What is "A Boy and His Dog?")

My Life as a Dog

DannyBronson
    $1,000 15
Hasbro

Bronson
    $1000 20
(Danny: What is a bear?)
(Bronson: What is a bison?)

turtle

DannyJamesBronson
    $1000 30
warm heart

James

Scores at the first commercial break (after clue 15):

Danny James Bronson
$2,800 $1,200 $2,000

Scores at the end of the Jeopardy! Round:

Danny James Bronson
$4,800 $6,000 $1,600

Double Jeopardy! Round responses

1957
PEN-SYLVANIA
ROCKIN' SUBTITLES
(Alex: Give the song title that goes with each.)
WHAT'S IN A NAME?
GBS
YOU'VE GOT TO STAND FOR SOMETHING
(Alex: It's important!)
    $400 11
Mary Martin

Bronson
    $400 16
(Danny: What is penitentiary?)

security

DannyJames
    $400 21
"Turn! Turn! Turn!"

Danny
    $400 26
Casper

Bronson
    $400 6
Dublin

Bronson
    $400 1
Major League Soccer

Bronson
    $800 12
married

Danny
    $800 17
Al Capone

James
    $800 22
"Against All Odds"

James
    $800 27
(Bronson: What is Montel?)

Regis Philbin

Bronson
Triple Stumper
    $800 7
vegetarian

Bronson
    $800 2
gallons per minute

James
    $1200 13
Central High School

Danny
    $1200 18
Pittsburgh

Danny
    $1200 23
"Morning Train"

Bronson
    $1200 28
capuchins

Bronson
    $1200 8
Nobel Prize for Literature

Bronson
    $1200 3
Counselor in Training

Bronson
    $1600 14
Jean Paul Getty

Danny
    $1600 19
(Bronson: Who is Dillinger?)

Willie Sutton

Bronson
Triple Stumper
    $1600 24
"Rhiannon"

Danny
    $1600 29
(Danny: Who is William Tecumseh Sherman?)
...
(Alex: Sherman was the man partly named for him.)

Tecumseh

DannyJames
    $1600 9
Mrs. Warren's Profession

Triple Stumper
    $1600 4
Country Music Television

Bronson
    $2000 15
(Bronson: Who is Levitt?)

Eli Broad

JamesBronson
    $2000 20
boot camp

Bronson
    $2000 25
"I Can't Help Myself"

Triple Stumper
    $2,600 30
(James: Who is Innocent?)

Sixtus

James
    $2000 10
Caesar and Cleopatra

Triple Stumper
    $2,800 5
Bovine Growth Hormone

Bronson

Scores at the end of the Double Jeopardy! Round:

Danny James Bronson
$9,600 $9,800 $10,800

[wagering suggestions for these scores]

Final Jeopardy! Round responses

INSPIRATIONS FOR MUSICALS
DannyWhat is Chicago?
$9,600
JamesWhat is Miss Saigon?
$9,401
BronsonWhat is Miss Saigon?
$8,801
Flower Drum Song

Final scores:

Danny James Bronson
$0 $399 $1,999
3rd place: $1,000 2nd place: $2,000 New champion: $1,999

Game dynamics:

Coryat scores:

Danny James Bronson
$9,600 $12,400 $10,000
18 R,
5 W
17 R,
2 W
(including 1 DD)
18 R
(including 2 DDs),
7 W

Combined Coryat: $32,000

[game clues] [game scores] [suggest correction]

Game tape date: 2003-02-05
The J! Archive is created by fans, for fans. Scraping, republication, monetization, and malicious use prohibited; this site may use cookies and collect identifying information. See terms. The Jeopardy! game show and all elements thereof, including but not limited to copyright and trademark thereto, are the property of Jeopardy Productions, Inc. and are protected under law. This website is not affiliated with, sponsored by, or operated by Jeopardy Productions, Inc. Join the discussion at JBoard.tv.